ਪੌਣਾਂ ਨਾਲ ਗੁਫਤਗੂ / (Record no. 109700)

MARC details
000 -LEADER
fixed length control field 00901nam a22002417a 4500
005 - DATE AND TIME OF LATEST TRANSACTION
control field 20170123164141.0
010 ## - LIBRARY OF CONGRESS CONTROL NUMBER
LC control number A-551868
020 ## - INTERNATIONAL STANDARD BOOK NUMBER
Terms of availability 50.00
International Standard Book Number 0919581625
035 ## - SYSTEM CONTROL NUMBER
System control number A-551868
040 ## - CATALOGING SOURCE
Original cataloging agency DPL
Language of cataloging PN
082 ## - DEWEY DECIMAL CLASSIFICATION NUMBER
Classification number 851
Item number ਕਲਸੀ
100 ## - MAIN ENTRY--PERSONAL NAME
Personal name ਕਲਸੀ, ਸੁਰਜੀਤ
9 (RLIN) 210
245 ## - TITLE STATEMENT
Title ਪੌਣਾਂ ਨਾਲ ਗੁਫਤਗੂ /
Statement of responsibility, etc ਸੁਰਜੀਤ ਕਲਸੀ
246 ## - VARYING FORM OF TITLE
Title proper/short title Pauna naal guftgu
Remainder of title by Surjit Kalsi
260 ## - PUBLICATION, DISTRIBUTION, ETC. (IMPRINT)
Place of publication, distribution, etc ਕਨੇਡਾ
270 ## - ADDRESS
Address ਥਰਡ ਆਈ ਪਬਲੀਕੇਸ਼ਨਜ਼, ਲੰਡਨ, ਉਨਟੇਰੀਓ
City ਲੰਡਨ
300 ## - PHYSICAL DESCRIPTION
Extent 94p.
Dimensions 19cm(Hb)
650 ## - SUBJECT ADDED ENTRY--TOPICAL TERM
Topical term or geographic name as entry element ਪੰਜਾਬੀ ਸਾਹਿਤ-ਕਵਿਤਾਵਾਂ
9 (RLIN) 780
650 ## - SUBJECT ADDED ENTRY--TOPICAL TERM
Topical term or geographic name as entry element ਪੰਜਾਬੀ ਸਾਹਿਤ
9 (RLIN) 779
650 ## - SUBJECT ADDED ENTRY--TOPICAL TERM
Topical term or geographic name as entry element Punjabi Literature-Poems
9 (RLIN) 782
650 ## - SUBJECT ADDED ENTRY--TOPICAL TERM
Topical term or geographic name as entry element Punjabi Literature
9 (RLIN) 781
942 ## - ADDED ENTRY ELEMENTS (KOHA)
Source of classification or shelving scheme Dewey Decimal Classification
Koha item type Punjabi Bks
Classification part 851
Call number suffix ਕਲਸੀ
Holdings
Withdrawn status Lost status Damaged status Not for loan Home library Current library Date acquired Source of acquisition Cost, normal purchase price Total Checkouts Full call number Barcode Date last seen Copy number Cost, replacement price Price effective from Koha item type
        Central Library Central Library 12/06/2015 Cen Lib/Ret 50.00   851 ਕਲਸੀ A-551868 12/06/2015 1 50.00 15/09/2016 Punjabi Bks

© Delhi Public Library
Hit Counter
free hit counter